JHCSC Library Logo Welcome to JHCSC LibraryWhere Every Page Begins a New Adventure.    Vision: A leading public higher education institution serving the ASEAN community through quality, innovative, and culture-sensitive programs.    Mission: To provide relevant and responsive programs in Agriculture, Education, and other fields aligned with its vision. It undertakes applied research, extension, and production services that yield practical and lasting solutions to sector-specific challenges, improving the socio-economic well-being of identified communities.

Visual Basic.Net How to Program (Record no. 11302)

MARC details
000 -LEADER
fixed length control field 00541nam a22001697a 4500
005 - DATE AND TIME OF LATEST TRANSACTION
control field 20260204034351.0
008 - FIXED-LENGTH DATA ELEMENTS--GENERAL INFORMATION
fixed length control field 260204b |||||||| |||| 00| 0 eng d
020 ## - INTERNATIONAL STANDARD BOOK NUMBER
International Standard Book Number 9812471393
040 ## - CATALOGING SOURCE
Transcribing agency JHCSC
050 ## - LIBRARY OF CONGRESS CALL NUMBER
Classification number 005.13 D324 2004
100 ## - MAIN ENTRY--PERSONAL NAME
9 (RLIN) 10077
Personal name Deitel, H. M. | Deitel, P. J. | Nieto, T. R.
Relator term Author
245 ## - TITLE STATEMENT
Title Visual Basic.Net How to Program
250 ## - EDITION STATEMENT
Edition statement Second Edition
260 ## - PUBLICATION, DISTRIBUTION, ETC.
Place of publication, distribution, etc. Philippines
Name of publisher, distributor, etc. PEARSON EDUCATION SOUTH ASIA PTE LTD.
Date of publication, distribution, etc. c2004.
300 ## - PHYSICAL DESCRIPTION
Extent LIV, 1517 PAGES :
Other physical details illustrations.
942 ## - ADDED ENTRY ELEMENTS (KOHA)
Source of classification or shelving scheme Dewey Decimal Classification
Koha item type Book
Edition Second Edition
Holdings
Withdrawn status Lost status Source of classification or shelving scheme Damaged status Not for loan Collection code Home library Current library Shelving location Date acquired Total Checkouts Full call number Barcode Date last seen Price effective from Koha item type
    Dewey Decimal Classification     Information Technology JHCSC - Canuto MS Enero Campus Library JHCSC - Canuto MS Enero Campus Library Circulation 11/10/2014   005.13 D324 2004 2014-1374 c 02/04/2026 02/04/2026 Book
© J.H. Cerilles State College | All Rights Reserved
Designed by Terhevic L. Bation & Gerald Biad, Library IT Staff